| 000 -LEADER | |
|---|---|
| fixed length control field | 00412nam a22001697a 4500 |
| 005 - DATE AND TIME OF LATEST TRANSACTION | |
| control field | 20240918105644.0 |
| 008 - FIXED-LENGTH DATA ELEMENTS--GENERAL INFORMATION | |
| fixed length control field | 190606b xxu||||| |||| 00| 0 eng d |
| 020 ## - INTERNATIONAL STANDARD BOOK NUMBER | |
| ISBN | 978-81-85790-59-6 |
| 041 ## - LANGUAGE CODE | |
| Language code of text/sound track or separate title | eng |
| 082 ## - DEWEY DECIMAL CLASSIFICATION NUMBER | |
| Classification number | 615 |
| 100 ## - MAIN ENTRY--AUTHOR NAME | |
| Personal name | POTDAR, PROF. MANOHAR A. |
| 245 ## - TITLE STATEMENT | |
| Title | PHARMACEUTICAL QUALITY ASSURANCE |
| 250 ## - EDITION STATEMENT | |
| Edition statement | 6th, Ed. 2017 |
| 260 ## - PUBLICATION, DISTRIBUTION, ETC. (IMPRINT) | |
| Place of publication | PUNE |
| Name of publisher | NIRALI PRAKASHAN |
| 300 ## - PHYSICAL DESCRIPTION | |
| Number of Pages | I.6p, |
| 942 ## - ADDED ENTRY ELEMENTS (KOHA) | |
| Koha item type | Books |
| Lost status | Damaged status | Collection code | Home library | Current library | Shelving location | Date acquired | Source of acquisition | Cost, normal purchase price | Full call number | Accession Number | Koha item type |
|---|---|---|---|---|---|---|---|---|---|---|---|
| PHARMACY | JRU Library | JRU Library | Shelf - 22- A | 06/06/2019 | PURCHESS | 350.00 | 615 | 23007 | Books | ||
| PHARMACY | JRU Library | JRU Library | Shelf - 22- A | 06/06/2019 | PURCHESS | 350.00 | 615 | 23008 | Books | ||
| Reference | JRU Library | JRU Library | SHELF-4-C | 06/06/2019 | PURCHESS | 350.00 | 615 | 23009 | Books |